Statistics for Every Word Used in 'Monty Python and the Holy Grail'

Click here to take the quiz!

General Stats

  • This quiz has been taken 191 times
    (180 since last reset)
  • The average score is 245 of 1633

Answer Stats

Freq.Word% Correct
42Aah
100%
207I
99%
11O
99%
235A
98%
1E
96%
1H
96%
1N
94%
327The
93%
1Y
93%
10Aaaaarrrrrrggghhh
90%
237You
87%
14An
85%
42Who
85%
5Ho
83%
2Hoo
83%
2La
83%
15Shh
83%
29Go
82%
16Knight
82%
62He
81%
94In
81%
1Ou
81%
61Ha
80%
9Haw
80%
131No
80%
2Neewom
79%
54Ni
79%
91We
79%
161Of
78%
76Your
77%
108It
75%
46Be
74%
39Grail
74%
2De
73%
39Do
73%
28King
73%
2Art
72%
7Hear
72%
26Holy
72%
82Not
70%
49On
70%
8Swallow
70%
87What
69%
26Arthur
68%
46Me
68%
173And
67%
68Sir
67%
34So
67%
40Her
66%
5Coconut
65%
111Is
65%
3Un
65%
3Lie
64%
6Rabbit
64%
37Witch
64%
12When
63%
1Ye
63%
30At
62%
151To
62%
3Men
61%
58Are
60%
1Cast
60%
32Out
60%
35For
59%
80That
59%
16As
58%
22Brave
58%
22Dead
58%
13She
58%
3Sword
58%
23Castle
57%
10God
56%
27Launcelot
56%
36One
56%
9Two
56%
47But
55%
26Camelot
55%
46My
55%
2Shrubber
55%
66This
55%
41Away
54%
21Say
54%
4Whom
54%
3Kaniggets
53%
28Knights
53%
7Why
53%
6Wood
53%
23Am
52%
30Don't
52%
1Grin
52%
18Robin
52%
4African
51%
6Grenade
51%
15Man
51%
23Then
51%
4Tim
51%
24Was
51%
1Wound
51%
15Bring
50%
2Die
50%
2European
50%
1Ham
50%
8Hand
50%
34I'm
50%
7Lad
50%
10Or
50%
20Three
50%
12Where
50%
40With
50%
22Run
49%
13Shrubbery
49%
5Thy
49%
1Women
49%
1Arm
48%
8Bridge
48%
12Father
48%
1Flesh
48%
8Silly
48%
32Us
48%
16Did
47%
5Duck
47%
3Far
47%
5Four
47%
12Galahad
47%
3Mother
47%
13Quest
47%
33There
47%
7Five
46%
6French
45%
57Have
45%
34It's
45%
4Its
45%
121Oh
45%
43All
44%
3Black
44%
19See
44%
23Shall
44%
16Them
44%
16They
44%
18Know
43%
11Round
43%
9Table
43%
25Will
43%
4Beat
42%
10Bit
42%
2Blue
42%
25Can
42%
1Elderberries
42%
34Him
42%
15How
42%
1Leg
42%
16Off
42%
37Up
42%
27Got
41%
12Lord
41%
10Old
41%
4Water
41%
53Yes
41%
2Sing
40%
62Well
40%
4We'll
40%
1Bet
39%
1Hamster
39%
4Pass
39%
4Patsy
39%
30Get
38%
3Lady
38%
11Mean
38%
3New
38%
2Shit
38%
2'Tis
38%
2Vote
38%
18We're
38%
16Were
38%
3Woman
38%
9Let
37%
1Pen
37%
1Pin
37%
10Thou
37%
1Tie
37%
18By
36%
44Come
36%
2Eat
36%
1Er
36%
23His
36%
33If
36%
35Just
36%
5Kill
36%
1Lake
36%
48Right
36%
2Seven
36%
3Try
36%
1Zoo
36%
8Better
35%
2Favour
35%
20From
35%
1Hell
35%
2He'll
35%
2Herring
35%
1Horse
35%
6Live
35%
2Nine
35%
1Non
35%
9Only
35%
5Place
35%
5Son
35%
2Unladen
35%
2Yellow
35%
18You're
35%
2Air
34%
2Colour
34%
16Good
34%
6Help
34%
7Lot
34%
2Newt
34%
2Tree
34%
7Way
34%
36Burn
33%
12Didn't
33%
14Our
33%
8Some
33%
2Speed
33%
7Bad
32%
3Being
32%
11Britons
32%
7Can't
32%
7Down
32%
6Head
32%
11Land
32%
20Now
32%
3System
32%
10These
32%
19Very
32%
2Beast
31%
4Bed
31%
10Death
31%
3Ever
31%
2None
31%
1Va
31%
1Film
30%
2Heart
30%
2Ran
30%
6Second
30%
11Time
30%
8Zoot
30%
2Able
29%
13About
29%
12Ah
29%
1Blood
29%
5Bravely
29%
1Fart
29%
1Government
29%
37Here
29%
15Into
29%
3Question
29%
1Spam
29%
2Velocity
29%
8Would
29%
3Attack
28%
18Could
28%
2England
28%
5Give
28%
11Has
28%
16Like
28%
31Look
28%
14More
28%
6Over
28%
4Too
28%
2Antioch
27%
1Coconut's
27%
3Coconuts
27%
2Direction
27%
9Does
27%
3Favourite
27%
1General
27%
31Hello
27%
28He's
27%
2I'd
27%
1Legs
27%
7Let's
27%
11May
27%
1Model
27%
24Must
27%
17Name
27%
3Nu
27%
6Ow
27%
10Pie
27%
1Pram
27%
6Scene
27%
2Scratch
27%
7Swamp
27%
27Tell
27%
3Turned
27%
13Want
27%
1War
27%
1Animator
26%
5Call
26%
10Cut
26%
6Last
26%
1Mer
26%
5Never
26%
5She's
26%
4Spank
26%
2Their
26%
5Those
26%
1Bite
25%
3Eight
25%
2Excalibur
25%
1Gay
25%
13Had
25%
1Mad
25%
3Pond
25%
2Push
25%
1Repressed
25%
1Science
25%
21Stop
25%
1Appearing
24%
1Arms
24%
1Arm's
24%
4Big
24%
1Dance
24%
22Going
24%
3Happy
24%
6Killed
24%
3Long
24%
11Much
24%
6Other
24%
9Peril
24%
1Roger
24%
9Said
24%
2Should
24%
2Small
24%
2Strange
24%
19Think
24%
6Bedevere
23%
4Brother
23%
5Enchanter
23%
3Jesus
23%
15Make
23%
1Night
23%
1Sun
23%
4Ways
23%
2Wise
23%
1Year
23%
4Already
22%
6Any
22%
1Britain
22%
3Carry
22%
3Chicken
22%
4Dennis
22%
4Every
22%
1Fly
22%
5Forest
22%
9I'll
22%
1Ill
22%
2Minstrels
22%
19Ooh
22%
3Sex
22%
1Smelt
22%
7Stay
22%
11Take
22%
2Teeth
22%
4Than
22%
4Thought
22%
2Told
22%
2Under
22%
2Violence
22%
2We'd
22%
2Won't
22%
2Yours
22%
8Afraid
21%
1Banging
21%
1Commune
21%
7English
21%
6Feel
21%
7Great
21%
6I've
21%
4Life
21%
5Nose
21%
1Peasant
21%
5People
21%
2Pure
21%
9Quite
21%
2Rock
21%
6Saying
21%
11Seek
21%
2Third
21%
3Together
21%
1Watery
21%
3Another
20%
1Basis
20%
4Bloody
20%
1Dear
20%
1East
20%
4Fight
20%
4First
20%
1France
20%
2Lives
20%
2Marry
20%
4Naughty
20%
1Nor
20%
3Oral
20%
4Same
20%
1Tear
20%
4Thing
20%
1Twin
20%
3Wait
20%
1Weighs
20%
1Accent
19%
4Answer
19%
3Anthrax
19%
4Ask
19%
1Badger
19%
1Bird
19%
4Cannot
19%
1Clark
19%
4Count
19%
2Day
19%
3Died
19%
9Doesn't
19%
3Eyes
19%
3Fell
19%
1Gable
19%
2Girl
19%
1Hasn't
19%
1Hat
19%
4Hey
19%
2Inherent
19%
7Isn't
19%
2Large
19%
11Leave
19%
1Left
19%
11Liege
19%
1Liver
19%
1Lying
19%
4Made
19%
4Many
19%
5Master
19%
18Please
19%
2Power
19%
4Prince
19%
2Real
19%
4Running
19%
3Shaped
19%
1Sister
19%
2Stone
19%
1Swords
19%
1Tart
19%
26That's
19%
5Twenty
19%
3Use
19%
5Winter
19%
1Wooden
19%
7Word
19%
3Yet
19%
16Back
18%
1Bint
18%
1Bleed
18%
1Book
18%
1Bunny
18%
8Cave
18%
5Christ
18%
2Daughter
18%
2Even
18%
3Executive
18%
3Fair
18%
11Find
18%
3Living
18%
3Lost
18%
8Nothing
18%
1Outrageous
18%
4Person
18%
4Put
18%
7Spanking
18%
2Thirty
18%
2Walk
18%
11Which
18%
2Wouldn't
18%
6You've
18%
1Act
17%
2After
17%
2Armor
17%
4Because
17%
8Course
17%
1Distributing
17%
1End
17%
1Forth
17%
1High
17%
2Huge
17%
1Jam
17%
1Might
17%
3Mine
17%
4Path
17%
2Pig
17%
1Scimitar
17%
16Shut
17%
3Summer
17%
9Through
17%
4Times
17%
1Weight
17%
2Work
17%
10Again
16%
3Always
16%
2Anarcho
16%
2Behind
16%
1Cop
16%
1Cry
16%
2Dark
16%
2Done
16%
1Filth
16%
2Guard
16%
3Nasty
16%
1Near
16%
8Nice
16%
2Princess
16%
14Questions
16%
1Rocks
16%
2Sad
16%
1Saw
16%
5Simple
16%
2Vache
16%
1Whene'er
16%
1Around
15%
3Burned
15%
1Couldn't
15%
4Cross
15%
2Doctor
15%
3Looking
15%
1Message
15%
3Something
15%
1Song
15%
4Stand
15%
2Tea
15%
5They're
15%
2Tracts
15%
1Wedding
15%
3Went
15%
7We've
15%
1Without
15%
17Yeah
15%
2Beacon
14%
2Build
14%
1Ceremony
14%
10Domine
14%
9Eh
14%
2Enter
14%
2Fire
14%
2Food
14%
1Gone
14%
7Listen
14%
4Little
14%
1Lived
14%
4North
14%
2Rejoicing
14%
3Says
14%
1Tail
14%
2Thee
14%
7There's
14%
2Thursday
14%
2Tiny
14%
1Turns
14%
7Until
14%
5Upon
14%
2Who's
14%
1Aquatic
13%
1Autumn
13%
1Bastard
13%
2Bother
13%
3Bottom
13%
1Chaste
13%
1Class
13%
2Danger
13%
9Dona
13%
1Evil
13%
1F'tang
13%
2Given
13%
3Herbert
13%
1Indefatigable
13%
6Keep
13%
1Killer
13%
1Masses
13%
1Moistened
13%
1Ponds
13%
9Quiet
13%
9Requiem
13%
2Rode
13%
3Speak
13%
3Spring
13%
2Supreme
13%
12Sure
13%
1Syndicalist
13%
2Taunt
13%
1Week
13%
1Aren't
12%
2Armaments
12%
1Assyria
12%
1Banana
12%
1Battle
12%
2Become
12%
3Best
12%
1Bits
12%
2Blow
12%
1Body
12%
1Bon
12%
1Bread
12%
1Breath
12%
1Bugger
12%
2Buy
12%
3Coming
12%
1Draw
12%
4Ecky
12%
1Eee
12%
4Enough
12%
1Face
12%
1Farcical
12%
2Fetchez
12%
3Floats
12%
2Fought
12%
1Fourth
12%
3Getting
12%
3Halt
12%
3Haven't
12%
1Hill
12%
9Hold
12%
7Join
12%
1Jump
12%
2Kings
12%
3Longer
12%
1Looked
12%
1Looney
12%
2Lovely
12%
1Mightiest
12%
2Minute
12%
1Music
12%
2Next
12%
4Number
12%
1Plan
12%
1Pound
12%
1Private
12%
4Pull
12%
7Really
12%
1Remove
12%
1Ride
12%
4Saint
12%
2Side
12%
1Singing
12%
1Soiled
12%
4Someone
12%
1South
12%
1String
12%
1Stupid
12%
2Swallow's
12%
1Swallows'
12%
4Swallows
12%
4Tale
12%
3Talk
12%
14Thank
12%
2Therefore
12%
1Things
12%
2Throw
12%
1Ugly
12%
1Wet
12%
2Whoa
12%
4Witches
12%
3Wrong
12%
2Young
12%
3Anyone
11%
4Ay
11%
7Been
11%
1Bowels
11%
1Broken
11%
1Capital
11%
3Case
11%
4Charge
11%
4Doing
11%
1Dress
11%
1Dying
11%
1Easy
11%
5Else
11%
1False
11%
1Feet
11%
1Foot
11%
1Grovel
11%
4Hang
11%
2Himself
11%
3Knew
11%
1Laden
11%
2Line
11%
3Looks
11%
1Major
11%
1Nobody
11%
3Once
11%
2Ours
11%
1Parts
11%
2Point
11%
3Sank
11%
12Sorry
11%
2Suppose
11%
2Sweet
11%
3They'd
11%
1Thirds
11%
5Today
11%
1Unplugged
11%
5What's
11%
4Words
11%
3Worthy
11%
2Also
10%
4Between
10%
2Bones
10%
1Breakfast
10%
1Bride
10%
5Carried
10%
1Cart
10%
1Change
10%
1Chapter
10%
1Counting
10%
2Curtains
10%
5Door
10%
1Drink
10%
1Dynamite
10%
1Earth
10%
1Elbows
10%
1Feast
10%
1Fled
10%
9Found
10%
1Fruit
10%
1Glass
10%
2Held
10%
1House
10%
3Kingdom
10%
2Lead
10%
3Leap
10%
3Least
10%
1Lobbed
10%
1Lose
10%
1Luck
10%
2Majority
10%
1Maybe
10%
1Middle
10%
3Need
10%
1Nostrils
10%
3Order
10%
1Perilous
10%
1Removed
10%
1Rich
10%
11Room
10%
1Routines
10%
3Search
10%
7Seen
10%
1Self
10%
1Sloths
10%
1Smashed
10%
3Sort
10%
1Split
10%
2Such
10%
1Thine
10%
2Tower
10%
1Working
10%
2Yourself
10%
1Action
9%
1Alive
9%
1Anchovies
9%
1Auntie
9%
1Bless
9%
1Bold
9%
5Built
9%
2Caerbannog
9%
1Cereals
9%
1Collective
9%
1Derives
9%
1Dingo
9%
2Dressed
9%
9Eis
9%
2Everything
9%
2Fatal
9%
1Gouged
9%
1Hah
9%
1He'd
9%
18Hee
9%
2Home
9%
1Hundred
9%
1Impersonate
9%
1Mandate
9%
1Met
9%
1Migrate
9%
1Named
9%
2Nearly
9%
6Open
9%
4Own
9%
1Quarrel
9%
1Raped
9%
1Repressing
9%
1Samite
9%
2Scared
9%
1Sell
9%
2Set
9%
1Shimmering
9%
3Show
9%
3Soon
9%
1Suggesting
9%
1Supposed
9%
2Treat
9%
2Used
9%
2Vicious
9%
1Wart
9%
1Wasn't
9%
1Weather
9%
4Whose
9%
1Woods
9%
1Apples
8%
1Boys
8%
2Busy
8%
1Chop
8%
1Chorus
8%
1Clad
8%
2Dad
8%
1Diaphragm
8%
1Dictatorship
8%
1Dogs
8%
2Ere
8%
1Everyone
8%
3Follow
8%
1God's
8%
1Goes
8%
1Halves
8%
1Hast
8%
1How'd
8%
1Invincible
8%
1Less
8%
1Liar
8%
1Mind
8%
2Mud
8%
2Officer
8%
1Reared
8%
4Rescue
8%
2Rest
8%
2Scenes
8%
1Seem
8%
1Sign
8%
4Since
8%
1Sod
8%
1Telling
8%
2Test
8%
1Threw
8%
1Warm
8%
1Weapon
8%
1Winston
8%
2Wounded
8%
1You'd
8%
4Along
7%
1Animal
7%
3Anything
7%
5Anyway
7%
1Attila
7%
1Averting
7%
1Bicker
7%
1Birds
7%
3Biscuits
7%
1Boil
7%
1Bristol
7%
1Bum
7%
2Called
7%
5Court
7%
1Deal
7%
2Defeat
7%
1Dirty
7%
1Either
7%
1Exploiting
7%
5Fine
7%
2Forgive
7%
1Gave
7%
1Grip
7%
1Haste
7%
1Heard
7%
4Idea
7%
1Keeper
7%
1Kind
7%
1Largest
7%
1Main
7%
1Mashed
7%
1Matter
7%
3Maynard
7%
2Mercia
7%
1Migratory
7%
5Most
7%
1Move
7%
1Nick
7%
2Oui
7%
2Pay
7%
1Pulp
7%
1Robin's
7%
7Sacred
7%
1Scales
7%
2Servant
7%
1Sight
7%
1Skip
7%
2Sons
7%
2Suffered
7%
2Taking
7%
2Tall
7%
1Thanks
7%
2They've
7%
1Took
7%
48Uh
7%
1Verses
7%
1Watch
7%
1Where'd
7%
1Window
7%
1Worse
7%
3You'll
7%
1Acting
6%
1Affairs
6%
2Against
6%
3Apart
6%
1Aptly
6%
1Baby
6%
1Bats
6%
1Beautiful
6%
1Bosom
6%
2Bridgekeeper
6%
2Buggering
6%
2Cadeau
6%
1Cover
6%
3Covered
6%
1Divine
6%
1Dragon
6%
4Each
6%
1Enemies
6%
1Expensive
6%
2Fooling
6%
1Footwork
6%
1Git
6%
1Glory
6%
2Guards
6%
2Guest
6%
1Headed
6%
2Here's
6%
1Higher
6%
1History
6%
1Husk
6%
1Impeccable
6%
1Inferior
6%
1Internal
6%
2Joseph
6%
1Kneecaps
6%
1Late
6%
2Lucky
6%
1Making
6%
1Married
6%
1Meeting
6%
1Mercy
6%
1Moment
6%
2Morning
6%
2Nay
6%
1Nineteen
6%
1Ounce
6%
1Piglet
6%
1Pointy
6%
1Providence
6%
1Ratios
6%
1Retreat
6%
1Silence
6%
1Sire
6%
1Snore
6%
1Snuff
6%
1Society
6%
1Somebody
6%
1Suffice
6%
4Surprise
6%
1Throat
6%
1Town
6%
1Triumphs
6%
1Tropical
6%
3Welcome
6%
1Where's
6%
2Whether
6%
1Wide
6%
1Wiper
6%
1Worst
6%
1Ain't
5%
1Almost
5%
1Aloft
5%
1Argue
5%
1Autocracy
5%
1Biweekly
5%
1Boing
5%
1Bottoms
5%
1Brain
5%
1Buggered
5%
1Business
5%
1Carp
5%
1Climes
5%
1Creep
5%
1Crone
5%
1Dine
5%
1Emperor
5%
2Eternal
5%
2Flight
5%
2Force
5%
1Formidable
5%
1Forty
5%
1Frank
5%
1Hacked
5%
1Hadn't
5%
4Idiom
5%
1Ladies
5%
1Lads
5%
1Mac
5%
1Mangled
5%
1Marrying
5%
1Mate
5%
1Occasion
5%
1Ones
5%
1One's
5%
1Orangutans
5%
1Pansy
5%
1Perpetuating
5%
1Pounds
5%
1Progress
5%
1Purest
5%
1Pussy
5%
1Raised
5%
1Reached
5%
1Recently
5%
1Remember
5%
1Rhymes
5%
1Robinson's
5%
1Sense
5%
1Sequin
5%
5Shalt
5%
1Sharp
5%
1Social
5%
1Somewhere
5%
1Spake
5%
1Stayed
5%
1Using
5%
2Vain
5%
1Ven
5%
1Vests
5%
1Victory
5%
1Wants
5%
1Warmer
5%
2While
5%
1Wield
5%
1Wings
5%
3Actually
4%
2Alight
4%
1Although
4%
2Amen
4%
1Anybody
4%
1Anywhere
4%
1Aramaic
4%
2Arimathea
4%
2Arrange
4%
2Aside
4%
1Aunties
4%
1Automatically
4%
1Autonomous
4%
1Badon
4%
1Basic
4%
1Bid
4%
2Bors
4%
1Bride's
4%
1Bridges
4%
1Bringing
4%
2Brought
4%
1Brush
4%
1Carries
4%
1Carrying
4%
1Cartoon
4%
2Certain
4%
1Chickened
4%
2Churches
4%
1Cider
4%
1Classes
4%
5Clear
4%
2Command
4%
1Completely
4%
7Concorde
4%
1Consult
4%
1Continue
4%
2Cost
4%
1Country
4%
1Creature
4%
2Daft
4%
1Dangerous
4%
1Dare
4%
1Decision
4%
1Deeds
4%
1Defeater
4%
2Demand
4%
2Design
4%
1Dismount
4%
1Dogma
4%
1Dressing
4%
2Empty
4%
1Enjoying
4%
1Exactly
4%
1Exciting
4%
1Expect
4%
1Fallen
4%
1Farewell
4%
3Fifty
4%
1Flint
4%
1Forced
4%
1Forget
4%
3Forward
4%
2Freedom
4%
1Full
4%
1Gallantly
4%
1Glad
4%
1Gonna
4%
1Gravy
4%
1Grips
4%
1Groveling
4%
1Guests
4%
1Guy
4%
1Half
4%
1Hanging
4%
2Having
4%
1Heads
4%
1Ignore
4%
1Imperialist
4%
1Indeed
4%
1Interested
4%
1Jokes
4%
1Keen
4%
2Keepers
4%
1Known
4%
1Lair
4%
1Lambs
4%
4Lies
4%
1Limbs
4%
1Lobbest
4%
1Maintain
4%
1Makes
4%
1Manner
4%
1Martin
4%
2Meant
4%
1Medical
4%
1Miss
4%
1Mortally
4%
2Names
4%
3Ninepence
4%
1Object
4%
1Opera
4%
1Outdated
4%
1Passed
4%
2Passing
4%
1Peng
4%
1People's
4%
2Perhaps
4%
1Perpetuates
4%
1Personally
4%
1Pimples
4%
1Plover
4%
1Pray
4%
1Present
4%
1Purely
4%
1Quests
4%
5Quick
4%
2Quoi
4%
3Rather
4%
1Ratified
4%
3Ready
4%
1Regulations
4%
1Relics
4%
3Ridden
4%
1Sacrifice
4%
2Saved
4%
1Saxons
4%
1Shelter
4%
1Shows
4%
1Signifying
4%
4Single
4%
1Sink
4%
1Spanked
4%
3Special
4%
1Spoken
4%
1Stew
4%
1Still
4%
1Stood
4%
1Straight
4%
1Strangers
4%
2Strength
4%
2Suddenly
4%
1Summon
4%
1Taken
4%
1Temperate
4%
1Terrible
4%
1Testicles
4%
2Till
4%
1Tinder
4%
1Tired
4%
1Tit
4%
1Tough
4%
1Trade
4%
1Training
4%
1Trough
4%
1True
4%
1Trusty
4%
2Types
4%
1
Ugh
4%
19Um
4%
1Unarmed
4%
2Understand
4%
1Underwear
4%
1Unsingable
4%
1Wah
4%
1Walking
4%
2Warned
4%
1Wave
4%
1Whoever
4%
4Wicked
4%
1Wonderful
4%
1Worked
4%
1Workers
4%
1Worry
4%
1Writing
4%
3Yay
4%
1Zone
4%
2Agree
3%
1Alarm
3%
1Alice
3%
1Amazes
3%
1Apologise
3%
1Arrows
3%
1Assault
3%
1Bastards
3%
1Became
3%
3Behold
3%
3Beyond
3%
1Binding
3%
1Bladders
3%
1Bois
3%
2Bravest
3%
3Changed
3%
1Chickening
3%
1Cornwall
3%
1Courage
3%
1Differences
3%
1Distress
3%
3Doctors
3%
1Donkey
3%
1Dorsal
3%
1Earthquakes
3%
5Easily
3%
1Eccentric
3%
2Economic
3%
1Employed
3%
5Escape
3%
1Examine
3%
1Excepting
3%
3Explain
3%
1Feathers
3%
1Felt
3%
1Foe
3%
3Foul
3%
1Friend
3%
1Frighten
3%
2Greetings
3%
1Guiding
3%
3Handle
3%
1Happens
3%
23Heh
3%
9Hic
3%
1Hidden
3%
8Hm
3%
5Hurry
3%
10Iesu
3%
3Ives
3%
1Knock
3%
2Leaving
3%
1Legally
3%
1Length
3%
1Meanwhile
3%
1Mile
3%
2Minutes
3%
1Needs
3%
4Note
3%
1Offensive
3%
1Ordinary
3%
1Pendragon
3%
1Performance
3%
1Persons
3%
1Picture
3%
2Praised
3%
1Proceed
3%
1Punishment
3%
1Recover
3%
2Return
3%
1Rope
3%
1Ruffians
3%
1Runes
3%
1Scots
3%
3Seemed
3%
2Seems
3%
1Send
3%
1Sent
3%
2Setting
3%
1Sheep's
3%
6Shrubberies
3%
1Smashing
3%
1Snows
3%
1Sovereign
3%
1Strewn
3%
2Taunting
3%
1Temptation
3%
1That'll
3%
1Throughout
3%
1Throwing
3%
1Totally
3%
1Towards
3%
1Trouble
3%
1Wanna
3%
1Warning
3%
1When's
3%
1Wipers
3%
1Absolutely
2%
1Accompanied
2%
1Adversary
2%
1Afoot
2%
1Ages
2%
1Allowed
2%
1Angnor
2%
1Appease
2%
1Awaits
2%
1Band
2%
1Bent
2%
1Biggest
2%
2Blessing
2%
1Bond
2%
1Bows
2%
1Burst
2%
1Carve
2%
2Carved
2%
1Castanets
2%
1C'est
2%
4Chance
2%
1Charged
2%
1Cherries
2%
1Clue
2%
1Commands
2%
2Cruel
2%
1Dictating
2%
1Doors
2%
2Dramatically
2%
1Duty
2%
1Effect
2%
1Electric
2%
1Entering
2%
2Entrance
2%
2Excuse
2%
1Faced
2%
1Finest
2%
2Folk
2%
1Frontal
2%
1Gained
2%
1Gentle
2%
2Gorge
2%
1Hall
2%
4Handed
2%
1Harmless
2%
8Hiya
2%
1Humble
2%
1Identical
2%
1Knees
2%
1Knows
2%
2Lapin
2%
1Laurels
2%
1Learning
2%
1Level
2%
1Logically
2%
1Loimbard
2%
1Lonely
2%
1Mayest
2%
1Mystic
2%
1Nibble
2%
1Nightfall
2%
1Noise
2%
1Olfin
2%
1Opening
2%
1Owns
2%
1Pack
2%
2Penalty
2%
1Pissing
2%
1Plain
2%
1Practice
2%
1Prevent
2%
2Problem
2%
1Protect
2%
1Purpose
2%
2Rabbit's
2%
1Remembered
2%
1Request
2%
1Resting
2%
1Rodent
2%
1Scarpered
2%
1Scott
2%
2Separate
2%
1Sixteen
2%
1Sometimes
2%
1Sonny
2%
1Spirit
2%
1Stress
2%
1Strongest
2%
1Supports
2%
1Supposing
2%
1Temptress
2%
1Terribly
2%
1Undressing
2%
1Uther
2%
1Utterly
2%
2Van
2%
1Wherein
2%
1Witness
2%
1Worried
2%
1Advancing
1%
1Almighty
1%
1Answers
1%
1Approacheth
1%
1Armed
1%
1Arthur's
1%
1Assist
1%
1Attend
1%
1Avenged
1%
1Bathing
1%
1Bedwere
1%
1Behaviour
1%
1Bitching
1%
1Biters
1%
1Bleeder
1%
1Brained
1%
1Breadth
1%
1Carving
1%
1Centuries
1%
1Certainly
1%
1Chastity
1%
1Cheesy
1%
1Chest
1%
1Chosen
1%
1Committed
1%
1Compared
1%
1Confuse
1%
1Cope
1%
1Couple
1%
1Crapper
1%
1Creeper
1%
3Dappy
1%
1Depressing
1%
1Discovered
1%
1Disheartened
1%
1Doubt
1%
1Dresser
1%
1Dub
1%
1Ector
1%
1Entered
1%
1Ewing
1%
1Example
1%
1Feint
1%
1Fiends
1%
1Finds
1%
1Firstly
1%
1Formed
1%
1Frozen
1%
1Further
1%
1Gawain
1%
1Guarded
1%
1Guided
1%
2Handsome
1%
1Heroic
1%
1Hills
1%
1Honestly
1%
1Honoured
1%
1Hooray
1%
1Hopeless
1%
2Huh
1%
1Icy
1%
1Illegitimate
1%
1Immediately
1%
1Imprisoned
1%
1Influential
1%
1Knocked
1%
1Language
1%
2Leads
1%
1Legendary
1%
1Midget
1%
1Miserable
1%
1Mistake
1%
1Nador
1%
1Nearer
1%
1Necessary
1%
1Nervous
1%
2Obviously
1%
1Owli
1%
1Particular
1%
1Period
1%
1Pestilence
1%
1Prepare
1%
1Presence
1%
1Preserving
1%
1Previous
1%
1Profane
1%
1Proved
1%
1Psalms
1%
1Quickly
1%
1Reads
1%
1Reasonable
1%
1Relax
1%
1Remain
1%
1Rheged
1%
1Risk
1%
1Safety
1%
1Sample
1%
1Seldom
1%
1Settles
1%
1Sinned
1%
1Slightly
1%
1Soft
1%
1Sponge
1%
1Started
1%
1Steady
1%
1Streak
1%
1Stuffed
1%
1Surely
1%
3Tackle
1%
2Task
1%
1Tempered
1%
5Thppt
1%
1Tonight
1%
1Torment
1%
1Unclog
1%
1Unhealthy
1%
2Union
1%
2Valiant
1%
1Valleys
1%
1Valor
1%
1Varletesses
1%
1Visually
1%
1Voluntarily
1%
1Wetting
1%
1Wishes
1%
1Wounding
1%
3Yup
1%
1Zhiv
1%
1Zoop
1%
1Zoot's
1%
1Aaaaarrrrrrves
0%
1Accomplished
0%
1Approaching
0%
1Asks
0%
3Awfully
0%
1Awhile
0%
1Beds
0%
1Beside
0%
1Blanket
0%
1Blondes
0%
1Brunettes
0%
1Camargue
0%
1Closest
0%
1Conclusion
0%
1Conclusions
0%
1Considerable
0%
1Consulted
0%
1Convinced
0%
1Crossed
0%
1Daring
0%
1Decided
0%
1Delirious
0%
1Depart
0%
1Discovers
0%
1Dragging
0%
1Dull
0%
1Fellows
0%
1Ferocity
0%
1Flights
0%
1Fortune
0%
1Goodem
0%
4Guh
0%
1Helpful
0%
1Horrendous
0%
1Hospital
0%
1Hospitality
0%
1Illustrious
0%
1Individually
0%
1Islands
0%
1Joyful
0%
1Kicked
0%
1Leaps
0%
1Lunged
0%
1Magne
0%
1Mangy
0%
1Merger
0%
1Mmm
0%
1Monsieur
0%
1Outclever
0%
1Outwit
0%
2Packing
0%
1Particularly
0%
1Problems
0%
1Properly
0%
1Refuse
0%
1Required
0%
1Retold
0%
1Returns
0%
1Riding
0%
1Scholar
0%
1Schools
0%
1Score
0%
2Sneaking
0%
1Splendid
0%
1Starling
0%
1Strand
0%
1Strategy
0%
1Stretched
0%
1Successful
0%
1Suit
0%
1Sworn
0%
1Syndicalism
0%
1Tops
0%
1Tragic
0%
1Traveller
0%
1Travellers
0%
1Ulk
0%
1Understanding
0%
1Unfortunately
0%
1Ungallant
0%
1Vary
0%
1Vital
0%
1Vouchsafed
0%
1Waste
0%
1Wedlock
0%
1Yapping
0%

Score Distribution

Percentile by Number Answered

Percent of People with Each Score

Your Score History

You have not taken this quiz since the last reset